MARC

LEADER 00000nam0a2200000 4500
001 31624
005 20231030204530.0
010 |a 5238002289 
035 |a (RuTPU)RU\TPU\book\31903 
035 |a BOOK00000068 
090 |a 31624 
100 |a 20011209d2001 m y0rusy50 ca 
101 0 |a rus 
102 |a RU 
105 |a y j 000zy 
200 1 |a Правоведение  |e учебное пособие для вузов  |f Под ред. Ю. А. Тихомирова, Н. И. Косяковой, Н. И. Архиповой 
210 |a Москва  |c ЮНИТИ  |c Закон и право  |d 2001 
215 |a 414 с. 
320 |a Библиогр.: с. 412. 
610 1 |a право 
610 1 |a государство 
610 1 |a правоведение 
610 1 |a Российская Федерация 
610 1 |a Россия 
610 1 |a конституционное право 
610 1 |a муниципальное право 
610 1 |a гражданское право 
610 1 |a административное право 
610 1 |a финансовое право 
610 1 |a таможенное право 
610 1 |a трудовое право 
610 1 |a экологическое право 
610 1 |a уголовное право 
610 1 |a информационное право 
610 1 |a учебные пособия 
686 |a Х620я73  |v LBC/SL-A  |2 rubbk 
702 1 |a Тихомиров  |b Ю. А  |4 340 
702 1 |a Косякова  |b Н. И  |4 340 
702 1 |a Архипова  |b Н. И  |4 340 
801 0 |a RU  |b 63413507  |c 20011209  |g PSBO 
801 2 |a RU  |b 63413507  |c 20130816  |g PSBO 
942 |c BK